Z histórie a súčasnosti udeľovania vedeckej hodnosti DrSc.

Bibliographic Details
Main Author: Kováč, Gabriel, 1947- (Author)
Format: Article
Language:Slovak
PhysicalDescription:Tab.
ISSN:1335-0099
Subjects:

MARC

LEADER 00000nab a2200000 a 4500
001 vtls008889365
003 SK-MaSNL
005 20260304144911.0
008 250505c2006 xo |||||||||||000 b|slo
015 |a SNBRB2006/12  |2 snkbucl 
035 |a (uuid)75a40e91-b550-4d84-9b6c-581faf475d9e 
035 |a urn:nbn:sk:snk-abyxp 
035 |a (urnnbn)urn:nbn:sk:snk:ar-a03tag 
038 |a SNKBUCL 
040 |a SNKBUCL  |b slo  |c SNKBUCL  |e AACR2 
041 0 |a slo 
044 |a xo  |c SK 
080 |a 378.2  |x (437.6)  |2 1997 
100 1 |a Kováč, Gabriel,  |d 1947-  |4 aut  |9 196200 
245 1 0 |a Z histórie a súčasnosti udeľovania vedeckej hodnosti DrSc.  |c Gabriel Kováč 
300 |b Tab. 
610 2 7 |a Slovenská komisia pre vedecké hodnosti  |2 snkbucl  |9 858682 
650 0 7 |a doktor vied  |2 snkbucl  |9 1311073 
650 0 7 |a vedecké hodnosti  |2 snkbucl  |9 335868 
773 0 |t Slovenský veterinársky časopis = Slovak veterinary journal  |g Roč. XXXI, č. 4 (2006), s. 263-265  |x 1335-0099 
850 |a Slovenská národná knižnica 
852 |a Slovenská národná knižnica 
954 |a odborná, vedecká literatúra pôvodná (slovenská)  |2 lita 
958 |a article27 
958 |a SK 
958 |a OND 
958 |a EUIPO 
999 |c 2933837  |d 2935767